000 00613nam a2200241Ia 4500
003 OSt
005 20221005131954.0
006 a|||||r|||| 00| 0
007 ta
008 221004b |||||||| |||| 00| 0 hin d
024 _a59504
037 _cTextual
040 _aCRL
_cCRL
_bhin
041 _2hin
_ahin
082 _aO152,3MSA,1, 33J0
100 _aBhaktar Satya Au.
_9640388
245 0 _aTarala
260 _c1950
650 _a HINDI LITERATURE
_923866
650 _aHINDI FICTION
942 _hO152,3MSA,1, 33J0
_cTEXL
_2cc
999 _c1062018
_d1062018